Kanunu pitada olumeya hesarugalu (Record no. 122303)

MARC details
000 -LEADER
fixed length control field 00785nam a2200253Ia 4500
003 - CONTROL NUMBER IDENTIFIER
control field OSt
005 - DATE AND TIME OF LATEST TRANSACTION
control field 20251113123638.0
008 - FIXED-LENGTH DATA ELEMENTS--GENERAL INFORMATION
fixed length control field 210210b2018 xxu||||| |||| 00| 0 eng d
020 ## - INTERNATIONAL STANDARD BOOK NUMBER
International Standard Book Number 9788383765263
040 ## - CATALOGING SOURCE
Transcribing agency AL
041 ## - LANGUAGE CODE
Language code of text/sound track or separate title Kannada
082 ## - DEWEY DECIMAL CLASSIFICATION NUMBER
Classification number K894.4 TONK
100 ## - MAIN ENTRY--PERSONAL NAME
Personal name TONSE NARAYANA PUJARI
Dates associated with a name ತೋನ್ಸೆ ನಾರಾಯಣ ಪೂಜಾರಿ
9 (RLIN) 245415
245 ## - TITLE STATEMENT
Title Kanunu pitada olumeya hesarugalu
Remainder of title ಕಾನೂನು ಪೀಠದ ಒಲುಮೆಯ ಹೆಸರುಗಳು
260 ## - PUBLICATION, DISTRIBUTION, ETC.
Place of publication, distribution, etc. Mangaluru
Name of publisher, distributor, etc. Akrati Ashaya Pablications
Date of publication, distribution, etc. 2018
300 ## - PHYSICAL DESCRIPTION
Extent xiii,100
650 ## - SUBJECT ADDED ENTRY--TOPICAL TERM
Topical term or geographic name entry element pitada
9 (RLIN) 245416
650 ## - SUBJECT ADDED ENTRY--TOPICAL TERM
Topical term or geographic name entry element olameya
9 (RLIN) 245417
650 ## - SUBJECT ADDED ENTRY--TOPICAL TERM
Topical term or geographic name entry element Kanunu
9 (RLIN) 245418
650 ## - SUBJECT ADDED ENTRY--TOPICAL TERM
Topical term or geographic name entry element hesarugalu
9 (RLIN) 245419
690 ## - LOCAL SUBJECT ADDED ENTRY--TOPICAL TERM (OCLC, RLIN)
Topical term or geographic name as entry element Kannada Prose
9 (RLIN) 245420
906 ## - LOCAL DATA ELEMENT F, LDF (RLIN)
a 072460
942 ## - ADDED ENTRY ELEMENTS (KOHA)
Source of classification or shelving scheme Dewey Decimal Classification
Koha item type Book
Holdings
Withdrawn status Lost status Source of classification or shelving scheme Damaged status Not for loan Collection code Home library Current library Shelving location Date acquired Source of acquisition Cost, normal purchase price Total Checkouts Full call number Barcode Date last seen Price effective from Koha item type
    Dewey Decimal Classification     Kannada St Aloysius Library St Aloysius Library   02/17/2021 Aakrithi Aashaya Publications, Mangalore-1 150.00   K894.4 TONK 072460 02/17/2021 02/17/2021 Book